Quelle édition des Hunger Games ? - Statistiques

Statistiques générales
  • Ce quiz a été pris 51 fois
  • Le résultat moyen est 34 sur 60
Statistiques - réponses
Question Tuile Select % Correct
Est une édition de l'expiation 10e Jeux Non
91%
Est une édition de l'expiation 74e Jeux Non
91%
Est une édition de l'expiation 75e Jeux Oui
91%
Certains tributs sont morts avant le début des Jeux 74e Jeux Non
86%
La Corne d'abondance (ou équivalent) contient des armes et de la nourriture 74e Jeux Oui
86%
Certains tributs sont morts avant le début des Jeux 75e Jeux Non
86%
Certains tributs ont été envoyés aux Jeux alors que leur nom n'a pas été tiré de l'urne et qu'ils ne se sont pas portés volontaires 74e Jeux Non
82%
Est une édition de l'expiation 50e Jeux Oui
77%
Avant ou pendant les Jeux, un tribut tue un membre du Capitole 74e Jeux Non
77%
Les Jeux sont remportés par le district 12 74e Jeux Oui
77%
Le district 12 sort du lot... à cause de sa nullité 75e Jeux Non
77%
Au moins un tribut détourne la technologie du Capitole pour s'en servir à son avantage 75e Jeux Oui
77%
Certains tributs sont morts avant le début des Jeux 10e Jeux Oui
73%
Les Jeux ont duré plus de 10 jours 75e Jeux Non
73%
Les Jeux sont remportés par le district 12 75e Jeux Non
73%
La Corne d'abondance (ou équivalent) contient des armes et de la nourriture 10e Jeux Non
70%
Au moins un tribut meurt empoisonné 74e Jeux Oui
70%
Un tribut a organisé une forme d'hommage funèbre pour le corps d'un autre tribut décédé 74e Jeux Oui
70%
Le district 12 sort du lot... à cause de sa nullité 74e Jeux Non
68%
Une alliance contient des tributs de carrière et des tributs pas de carrière 74e Jeux Oui
68%
Certains tributs sont attaqués par des insectes mutants 10e Jeux Non
66%
Les Jeux ont duré plus de 10 jours 10e Jeux Non
66%
Certains tributs ont été envoyés aux Jeux alors que leur nom n'a pas été tiré de l'urne et qu'ils ne se sont pas portés volontaires 75e Jeux Non
66%
Au moins un tribut meurt empoisonné 10e Jeux Oui
64%
Certains tributs sont morts avant le début des Jeux 50e Jeux Oui
64%
Au moins un tribut meurt empoisonné 75e Jeux Non
64%
Les Jeux sont remportés par le district 12 50e Jeux Oui
61%
Avant ou pendant les Jeux, un tribut tue un membre du Capitole 75e Jeux Non
61%
Avant ou pendant les Jeux, un tribut tue un membre du Capitole 10e Jeux Oui
59%
Un membre du Capitole triche et influence les Jeux en secret 10e Jeux Oui
59%
La Corne d'abondance (ou équivalent) contient des armes et de la nourriture 50e Jeux Oui
59%
Un tribut a organisé une forme d'hommage funèbre pour le corps d'un autre tribut décédé 75e Jeux Non
59%
Des tributs de carrière meurent pendant le bain de sang 10e Jeux Non
57%
Certains tributs ont été envoyés aux Jeux alors que leur nom n'a pas été tiré de l'urne et qu'ils ne se sont pas portés volontaires 50e Jeux Oui
57%
Des tributs de carrière meurent pendant le bain de sang 50e Jeux Oui
55%
Au moins un tribut détourne la technologie du Capitole pour s'en servir à son avantage 50e Jeux Oui
55%
Un membre du Capitole triche et influence les Jeux en secret 75e Jeux Oui
55%
Les Jeux sont remportés par le district 12 10e Jeux Oui
52%
Au moins un tribut meurt empoisonné 50e Jeux Oui
52%
Les Jeux ont duré plus de 10 jours 74e Jeux Oui
52%
Certains tributs sont attaqués par des insectes mutants 74e Jeux Oui
48%
Le district 12 sort du lot... à cause de sa nullité 10e Jeux Non
45%
Le district 12 sort du lot... à cause de sa nullité 50e Jeux Oui
45%
Un membre du Capitole triche et influence les Jeux en secret 74e Jeux Non
45%
Avant ou pendant les Jeux, un tribut tue un membre du Capitole 50e Jeux Oui
41%
Un tribut a organisé une forme d'hommage funèbre pour le corps d'un autre tribut décédé 10e Jeux Oui
39%
Certains tributs sont attaqués par des insectes mutants 50e Jeux Oui
39%
Un membre du Capitole triche et influence les Jeux en secret 50e Jeux Oui
36%
Des tributs de carrière meurent pendant le bain de sang 75e Jeux Non
36%
Une alliance contient des tributs de carrière et des tributs pas de carrière 75e Jeux Oui
36%
Une alliance contient des tributs de carrière et des tributs pas de carrière 50e Jeux Oui
32%
Un tribut a organisé une forme d'hommage funèbre pour le corps d'un autre tribut décédé 50e Jeux Oui
32%
Certains tributs sont attaqués par des insectes mutants 75e Jeux Oui
32%
Certains tributs ont été envoyés aux Jeux alors que leur nom n'a pas été tiré de l'urne et qu'ils ne se sont pas portés volontaires 10e Jeux Oui
25%
La Corne d'abondance (ou équivalent) contient des armes et de la nourriture 75e Jeux Non
25%
Des tributs de carrière meurent pendant le bain de sang 74e Jeux Oui
23%
Au moins un tribut détourne la technologie du Capitole pour s'en servir à son avantage 74e Jeux Oui
23%
Au moins un tribut détourne la technologie du Capitole pour s'en servir à son avantage 10e Jeux Oui
20%
Une alliance contient des tributs de carrière et des tributs pas de carrière 10e Jeux Oui
18%
Les Jeux ont duré plus de 10 jours 50e Jeux Non
18%
Aucun quiz correspondant
Distribution des résultats
% des personnes avec chaque résultat
Percentile par nombre de réponses
Votre historique - résultats
Vous n’avez pas pris ce quiz